Normal view
MARC view
- EVIDENCE-BASED NURSING METHODS
Entry Topical Term
001 - CONTROL NUMBER
- control field: 1326
003 - CONTROL NUMBER IDENTIFIER
- control field: CBULib
005 - DATE AND TIME OF LATEST TRANSACTION
- control field: 20231208125522.0
008 - FIXED-LENGTH DATA ELEMENTS
- fixed length control field: 231208|| aca||babn | a|a d
040 ## - CATALOGING SOURCE
- Original cataloging agency: CBULib
150 ## - HEADING--TOPICAL TERM
- Topical term or geographic name entry element: EVIDENCE-BASED NURSING METHODS